[Event "1. OEsterreichische Internet Schach Meisterschaft - Vorrunde 2"]
[Site "Online - Playchess.com"]
[Date ""]
[Round "3"]
[Board "1"]
[White "Ragger, Markus"]
[Black "Maierhofer, Johann"]
[Result "1-0"]
[WhiteElo "2679"]
[BlackElo "2087"]
[PlyCount "67"]
[EventDate "2020.04.13"]
[EventRounds "9"]
[EventCountry "AUT"]

1. e4 e6 2. d4 d5 3. Nd2 dxe4 4. Nxe4 Bd7 5. Nf3 Bc6 6. Bd3 Nd7 7. Bf4 Ngf6 8. Nxf6+
Qxf6 9. Bxc7 Bxf3 10. Qxf3 Qxd4 11. Qxb7 Bb4+ 12. c3 Bxc3+ 13. bxc3 Qxc3+ 14. Ke2
O-O 15. Rac1 Qd4 16. Rhd1 Nc5 17. Qc6 Nxd3 18. Rxd3 Qb2+ 19. Rc2 Qf6 20. Qc3 Qg5
21. Rg3 Qh5+ 22. f3 f6 23. Qc4 Rae8 24. Rg4 Rf7 25. Bg3 Qf5 26. Qd3 Qa5 27. Rgc4
Qd5 28. Rc8 Rfe7 29. Rxe8+ Rxe8 30. Qxd5 exd5+ 31. Kd3 Kf7 32. Kd4 Rd8 33. Rc7+ Kg6
34. Rxa7  1-0

[Event "1. OEsterreichische Internet Schach Meisterschaft - Vorrunde 2"]
[Site "Online - Playchess.com"]
[Date ""]
[Round "3"]
[Board "2"]
[White "Neuschmied, Siegfried"]
[Black "Shengelia, David"]
[Result "0-1"]
[WhiteElo "2268"]
[BlackElo "2544"]
[PlyCount "50"]
[EventDate "2020.04.13"]
[EventRounds "9"]
[EventCountry "AUT"]

1. e4 c5 2. Nf3 d6 3. Bb5+ Nd7 4. O-O a6 5. Bd3 Ngf6 6. Re1 e6 7. a4 Be7 8. c3 O-O
9. Bc2 b6 10. d4 e5 11. dxc5 bxc5 12. c4 Nb8 13. Nc3 Nc6 14. Nd5 Nxd5 15. exd5 Nd4
16. Nxd4 cxd4 17. f4 Qc7 18. fxe5 dxe5 19. b3 f5 20. Kh1 Bb4 21. Bd2 Bd6 22. a5 e4
23. h3 d3 24. Bb1 Qe7 25. Bxd3 Qe5  0-1

[Event "1. OEsterreichische Internet Schach Meisterschaft - Vorrunde 2"]
[Site "Online - Playchess.com"]
[Date ""]
[Round "3"]
[Board "3"]
[White "Goelles, Herbert"]
[Black "Froewis, Georg"]
[Result "0-1"]
[WhiteElo "1705"]
[BlackElo "2457"]
[PlyCount "82"]
[EventDate "2020.04.13"]
[EventRounds "9"]
[EventCountry "AUT"]

1. f4 Nh6 2. Nf3 d5 3. g3 c6 4. Bg2 Qb6 5. e3 g6 6. d4 Bg7 7. Nc3 Nd7 8. O-O Nf6
9. Qd3 Bf5 10. Qe2 Ne4 11. Nxe4 Bxe4 12. c3 Nf5 13. b3 O-O 14. Ba3 Qc7 15. g4 Nd6
16. Bxd6 exd6 17. c4 dxc4 18. bxc4 Rae8 19. Qf2 c5 20. Rac1 b6 21. f5 Qe7 22. Rce1
Bf6 23. Qg3 Bxf3 24. Qxf3 cxd4 25. e4 Qe5 26. Qd3 Bg5 27. Kh1 Be3 28. Re2 Rc8 29.
Rxe3 dxe3 30. Qxe3 f6 31. fxg6 hxg6 32. Qh6 Qg5 33. Qh3 Kg7 34. Rd1 Qe5 35. Qf3 Rh8
36. h3 Rxc4 37. Rd5 Rc1+ 38. Bf1 Rxf1+ 39. Qxf1 Qxe4+ 40. Qg2 Rxh3+ 41. Kg1 Qe1+
 0-1

[Event "1. OEsterreichische Internet Schach Meisterschaft - Vorrunde 2"]
[Site "Online - Playchess.com"]
[Date ""]
[Round "3"]
[Board "4"]
[White "Kruckenhauser, Arthur"]
[Black "Schweda, Roland"]
[Result "0-1"]
[WhiteElo "2233"]
[BlackElo "2444"]
[PlyCount "132"]
[EventDate "2020.04.13"]
[EventRounds "9"]
[EventCountry "AUT"]

1. e4 c5 2. Nf3 a6 3. c4 Nc6 4. d4 cxd4 5. Nxd4 d6 6. Nc3 Nf6 7. Be2 g6 8. Be3 Bg7
9. f3 O-O 10. O-O Nxd4 11. Bxd4 Bd7 12. Qd2 Bc6 13. Rfd1 Qc7 14. b4 Rfc8 15. a4 b6
16. Qe3 Nd7 17. Bxg7 Kxg7 18. Qd4+ Kg8 19. Rdc1 a5 20. bxa5 Rxa5 21. Nd5 Bxd5 22.
cxd5 Qxc1+ 23. Rxc1 Rxc1+ 24. Kf2 Nc5 25. Bb5 Rc2+ 26. Kg3 Ra2 27. h4 Nxa4 28. Bxa4
R5xa4 29. Qxb6 Ra7 30. Kf4 h5 31. g4 hxg4 32. Kxg4 Kg7 33. Kf4 R7a3 34. Qd4+ Kh7
35. Qb4 Rd3 36. e5 dxe5+ 37. Kxe5 Rxf3 38. Ke4 Rh3 39. Qb7 Re2+ 40. Kf4 Rxh4+ 41.
Kg5 Rh5+ 42. Kg4 Rf5 43. Qa6 Re4+ 44. Kg3 Rxd5 45. Qb7 Rde5 46. Qd7 Kg7 47. Qa7 Re3+
48. Kf2 Rb3 49. Qa1 f6 50. Qa4 Rbe3 51. Qd7 g5 52. Qg4 R3e4 53. Qh5 Rf4+ 54. Kg2
Ref5 55. Qe8 Re5 56. Qh5 Re3 57. Qe8 g4 58. Qh5 Re5 59. Qe8 Rff5 60. Kg3 Rg5 61.
Qd8 Re3+ 62. Kg2 g3 63. Qd4 Re2+ 64. Kf1 g2+ 65. Kxe2 g1=Q 66. Qxg1 Rxg1  0-1

[Event "1. OEsterreichische Internet Schach Meisterschaft - Vorrunde 2"]
[Site "Online - Playchess.com"]
[Date ""]
[Round "3"]
[Board "5"]
[White "Mostbauer, Maximilian"]
[Black "Schnider, Gert"]
[Result "1/2-1/2"]
[WhiteElo "2217"]
[BlackElo "2423"]
[PlyCount "108"]
[EventDate "2020.04.13"]
[EventRounds "9"]
[EventCountry "AUT"]

1. d4 Nf6 2. Nf3 d5 3. g3 e6 4. Bg2 Be7 5. O-O O-O 6. b3 b5 7. Bb2 Bb7 8. Nbd2 Nbd7
9. c4 bxc4 10. bxc4 c5 11. e3 Rb8 12. Bc3 dxc4 13. Nxc4 Ne4 14. Ba5 Qe8 15. Rb1 Ba6
16. Nfe5 Nxe5 17. Rxb8 Qxb8 18. Nxe5 Bxf1 19. Qxf1 Nf6 20. Nc6 Qd6 21. dxc5 Qd7 22.
Nxe7+ Qxe7 23. c6 Qc5 24. Qe1 Rc8 25. Bb4 Qc4 26. Bd6 Nd5 27. e4 Qxc6 28. exd5 Qxd6
29. dxe6 Qxe6 30. Qd2 Re8 31. Qd3 g6 32. Bd5 Qd7 33. Qf3 Rd8 34. Bb3 a5 35. h4 a4
36. Bc4 Qd1+ 37. Kg2 Qxf3+ 38. Kxf3 Kg7 39. g4 h6 40. Ke4 Kf6 41. f4 Rb8 42. g5+
hxg5 43. hxg5+ Ke7 44. f5 Rb4 45. f6+ Kd6 46. Kd3 Rb7 47. Kd4 a3 48. Bd5 Rd7 49.
Bb3 Rb7 50. Bc4 Rc7 51. Bb3 Ra7 52. Bc4 Rb7 53. Bd5 Rb4+ 54. Bc4 Rb7  1/2-1/2

[Event "1. OEsterreichische Internet Schach Meisterschaft - Vorrunde 2"]
[Site "Online - Playchess.com"]
[Date ""]
[Round "3"]
[Board "6"]
[White "Poetz, Florian"]
[Black "Gelbenegger, Patrick"]
[Result "1-0"]
[WhiteElo "2422"]
[BlackElo "2240"]
[PlyCount "71"]
[EventDate "2020.04.13"]
[EventRounds "9"]
[EventCountry "AUT"]

1. e4 e5 2. Nf3 Nc6 3. Bb5 a6 4. Ba4 Nf6 5. O-O b5 6. Bb3 Be7 7. Re1 O-O 8. h3 d6
9. c3 Na5 10. Bc2 c5 11. d4 Qc7 12. Nbd2 Bb7 13. d5 Rac8 14. b3 Ba8 15. Bd3 c4 16.
bxc4 Nxc4 17. Nxc4 bxc4 18. Bf1 Qa5 19. Qc2 Nh5 20. Nd2 f5 21. Nxc4 Qc7 22. exf5
Bxd5 23. Ne3 Bb7 24. Qb3+ Kh8 25. Ba3 Nf4 26. Rad1 d5 27. Bxe7 Qxe7 28. g3 d4 29.
cxd4 exd4 30. Rxd4 Nh5 31. Red1 Bf3 32. Nd5 Bxd5 33. Rxd5 Qg5 34. Qf3 Nf6 35. Rd6
h5 36. h4  1-0

[Event "1. OEsterreichische Internet Schach Meisterschaft - Vorrunde 2"]
[Site "Online - Playchess.com"]
[Date ""]
[Round "3"]
[Board "7"]
[White "Alvir, Aco"]
[Black "Kucharski, Michael"]
[Result "1-0"]
[WhiteElo "2355"]
[BlackElo "1927"]
[PlyCount "79"]
[EventDate "2020.04.13"]
[EventRounds "9"]
[EventCountry "AUT"]

1. e4 c6 2. d4 d5 3. Nc3 dxe4 4. Nxe4 Bf5 5. Ng3 Bg6 6. h4 h6 7. Nf3 Nd7 8. h5 Bh7
9. Bd3 Bxd3 10. Qxd3 e6 11. Bf4 Qa5+ 12. Bd2 Qc7 13. O-O-O Ngf6 14. Ne4 Nxe4 15.
Qxe4 Nf6 16. Qe2 Bd6 17. Kb1 a5 18. c4 Bb4 19. Be3 Be7 20. Ne5 c5 21. Bf4 Qb6 22.
d5 exd5 23. cxd5 O-O 24. Nc4 Qa6 25. d6 Bd8 26. g4 Qc6 27. f3 b5 28. Ne5 Qb7 29.
g5 Nd5 30. Bc1 hxg5 31. Qe4 Nc3+ 32. bxc3 Qxe4+ 33. fxe4 Bf6 34. Nc6 Ra6 35. Ne7+
Kh7 36. Nf5 Rd8 37. Rd5 Rc6 38. e5 Bxe5 39. Rxe5 Kg8 40. Ne7+  1-0

[Event "1. OEsterreichische Internet Schach Meisterschaft - Vorrunde 2"]
[Site "Online - Playchess.com"]
[Date ""]
[Round "3"]
[Board "8"]
[White "Morgunov, Marc"]
[Black "Wohlfahrt, Herbert"]
[Result "0-1"]
[WhiteElo "2341"]
[BlackElo "2285"]
[PlyCount "150"]
[EventDate "2020.04.13"]
[EventRounds "9"]
[EventCountry "AUT"]

1. e4 c6 2. Nc3 d5 3. Nf3 dxe4 4. Nxe4 Nf6 5. Qe2 Nxe4 6. Qxe4 Nd7 7. d4 Nf6 8. Qd3
g6 9. c3 Bf5 10. Qd1 Bg7 11. Bc4 O-O 12. O-O Qc7 13. Re1 c5 14. Qe2 cxd4 15. Nxd4
Bg4 16. f3 Bd7 17. Bb3 Rae8 18. Be3 a6 19. Bf2 e5 20. Nc2 e4 21. Ne3 Bc6 22. f4 Rd8
23. Rad1 Rxd1 24. Rxd1 Rd8 25. Rxd8+ Qxd8 26. Qd1 Qxd1+ 27. Nxd1 Nd5 28. Bxd5 Bxd5
29. b3 f5 30. c4 Be6 31. Kh1 Kf8 32. Kg1 Ke7 33. Kf1 Kd6 34. Ke2 h6 35. Be1 g5 36.
g3 gxf4 37. gxf4 Bf6 38. Bc3 Be7 39. Bb4+ Kd7 40. Bxe7 Kxe7 41. Ke3 Kd6 42. Kd4 Bd7
43. Ne3 b6 44. b4 a5 45. a3 axb4 46. axb4 Be6 47. h4 Bd7 48. Nd5 b5 49. c5+ Ke6 50.
Nc7+ Kf6 51. Nd5+ Ke6 52. Ne3 Bc6 53. Nd1 Kf6 54. Nc3 Kg6 55. Nd1 Kh5 56. Ke5 Kxh4
57. Kxf5 Kg3 58. Ke6 h5 59. Kd6 Be8 60. f5 h4 61. f6 h3 62. Ne3 Kf3 63. Nf1 e3 64.
c6 e2 65. Nh2+ Kg2 66. c7 e1=Q 67. c8=Q Kxh2 68. Qc5 Kg2 69. Qc2+ Kf1 70. Qf5+ Kg2
71. Qc2+ Kg3 72. Qb3+ Kh4 73. Qc2 Qg3+ 74. Ke6 Bg6 75. Qc3 Qxc3  0-1

[Event "1. OEsterreichische Internet Schach Meisterschaft - Vorrunde 2"]
[Site "Online - Playchess.com"]
[Date ""]
[Round "3"]
[Board "9"]
[White "Meglitsch, Konstantin"]
[Black "Platzgummer, Fabian"]
[Result "0-1"]
[WhiteElo "2041"]
[BlackElo "2336"]
[PlyCount "86"]
[EventDate "2020.04.13"]
[EventRounds "9"]
[EventCountry "AUT"]

1. e4 c5 2. Nc3 d6 3. g3 Nc6 4. d3 g6 5. Be3 Bg7 6. Qd2 e6 7. Bg2 Nge7 8. Bh6 O-O
9. h4 Nd4 10. O-O-O Nec6 11. h5 Qe7 12. Bxg7 Kxg7 13. f4 b5 14. Nf3 b4 15. Ne2 Nxf3
16. Bxf3 e5 17. f5 g5 18. h6+ Kh8 19. f6 Qxf6 20. Rdf1 Qe7 21. Bh5 Be6 22. Kb1 a5
23. Ng1 a4 24. Nf3 f6 25. Nh2 b3 26. a3 bxc2+ 27. Qxc2 Nd4 28. Qf2 Bg8 29. Bg4 Qf7
30. Kc1 Rab8 31. Nf3 Qa2 32. Nxd4 cxd4 33. b4 axb3 34. Qxa2 bxa2 35. Kc2 Rb3 36.
Ra1 Rfb8 37. Rhc1 Rc3+ 38. Kd2 Rb2+ 39. Ke1 Rxc1+ 40. Rxc1 Rb1 41. Kd2 a1=Q 42. Bf5
Rxc1 43. Bxh7 Kxh7  0-1

[Event "1. OEsterreichische Internet Schach Meisterschaft - Vorrunde 2"]
[Site "Online - Playchess.com"]
[Date ""]
[Round "3"]
[Board "11"]
[White "Hiermann, Dietmar"]
[Black "Wukits, Rene"]
[Result "1-0"]
[WhiteElo "2250"]
[BlackElo "2312"]
[PlyCount "99"]
[EventDate "2020.04.13"]
[EventRounds "9"]
[EventCountry "AUT"]

1. e4 c5 2. Nf3 d6 3. c3 Nf6 4. Qc2 Bg4 5. Be2 Nc6 6. h3 Bh5 7. d3 Rc8 8. Bf4 e5
9. Be3 h6 10. c4 g5 11. Nh2 Bg6 12. Nc3 Nd4 13. Qd1 Be7 14. Ng4 Nd7 15. Nd5 Nb6 16.
Nxb6 Qxb6 17. b3 h5 18. Nh2 Qa5+ 19. Bd2 Qc7 20. Nf3 Ne6 21. Qc1 Qd8 22. Qa3 a6 23.
Qa4+ Kf8 24. Qa3 Kg7 25. Qc1 Nf4 26. g3 Ne6 27. Be3 b5 28. cxb5 axb5 29. a4 b4 30.
O-O g4 31. hxg4 hxg4 32. Nh2 Rxh2 33. Kxh2 Qh8+ 34. Kg1 Qh3 35. Bxg4 Qxg4 36. Qd1
Qh3 37. Qf3 Rh8 38. Qg2 Qh5 39. f4 exf4 40. gxf4 Kf8 41. Rf3 Nd4 42. Bxd4 cxd4 43.
f5 Bh7 44. a5 Bg5 45. Kf1 Be3 46. Rh3 Qg5 47. Qxg5 Bxg5 48. a6 Kg7 49. a7 Ra8 50.
Rh2  1-0

[Event "1. OEsterreichische Internet Schach Meisterschaft - Vorrunde 2"]
[Site "Online - Playchess.com"]
[Date ""]
[Round "3"]
[Board "12"]
[White "Charaus, Florian"]
[Black "Postl, Anton"]
[Result "0-1"]
[WhiteElo "2055"]
[BlackElo "2290"]
[PlyCount "62"]
[EventDate "2020.04.13"]
[EventRounds "9"]
[EventCountry "AUT"]

1. d4 Nf6 2. c4 g6 3. Nc3 Bg7 4. e4 d6 5. Be2 O-O 6. Be3 e5 7. d5 Na6 8. g4 c6 9.
g5 Ne8 10. h4 f5 11. gxf6 Nxf6 12. h5 gxh5 13. Bxh5 Nc5 14. Bxc5 dxc5 15. Nge2 Nxh5
16. Rxh5 Bg4 17. Rh1 Qg5 18. Qd3 Rf3 19. Qd1 Raf8 20. Qd2 Qxd2+ 21. Kxd2 Rxf2 22.
Rag1 h5 23. Kd3 R8f3+ 24. Kd2 Bh6+ 25. Kd1 Kh7 26. Ke1 Rf6 27. Rg3 R2f3 28. Rg2 Rd3
29. Rf2 Rxf2 30. Kxf2 Rd2 31. Nd1 Rxe2+  0-1

[Event "1. OEsterreichische Internet Schach Meisterschaft - Vorrunde 2"]
[Site "Online - Playchess.com"]
[Date ""]
[Round "3"]
[Board "13"]
[White "Belke, Frank"]
[Black "Waldner, Alois"]
[Result "1-0"]
[WhiteElo "2273"]
[BlackElo "2018"]
[PlyCount "81"]
[EventDate "2020.04.13"]
[EventRounds "9"]
[EventCountry "AUT"]

1. d4 Nf6 2. c4 g6 3. Nc3 Bg7 4. e4 d6 5. Nge2 O-O 6. Ng3 h5 7. Bg5 c6 8. Qd2 Kh7
9. Be2 e5 10. d5 cxd5 11. Nxd5 Nc6 12. f3 Be6 13. O-O Bxd5 14. cxd5 Nd4 15. Bd3 Qb6
16. Be3 h4 17. Ne2 Bh6 18. Nxd4 Bxe3+ 19. Qxe3 Qxd4 20. Qxd4 exd4 21. Rac1 Rac8 22.
g3 Kg7 23. Kg2 Nd7 24. f4 Nc5 25. Bb1 Rfe8 26. Kf3 Na4 27. b3 Nb2 28. Ke2 Rc3 29.
Rxc3 dxc3 30. Bc2 hxg3 31. hxg3 Rh8 32. e5 Re8 33. Kf3 dxe5 34. Re1 f6 35. fxe5 fxe5
36. Ke4 b5 37. d6 Kf6 38. Kd5 a5 39. Rf1+ Kg7 40. d7 Rd8 41. Kd6  1-0

[Event "1. OEsterreichische Internet Schach Meisterschaft - Vorrunde 2"]
[Site "Online - Playchess.com"]
[Date ""]
[Round "3"]
[Board "14"]
[White "Peyrer, Konstantin"]
[Black "Lerch, Johannes"]
[Result "1-0"]
[WhiteElo "2265"]
[BlackElo "2005"]
[PlyCount "61"]
[EventDate "2020.04.13"]
[EventRounds "9"]
[EventCountry "AUT"]

1. e4 c5 2. Nf3 d6 3. d4 cxd4 4. Nxd4 Nf6 5. Nc3 g6 6. Be3 Bg7 7. f3 O-O 8. Qd2 Nc6
9. O-O-O d5 10. Nxc6 bxc6 11. Qe1 Qc7 12. exd5 Nxd5 13. Nxd5 cxd5 14. Rxd5 Be6 15.
Qa5 Qb7 16. Rb5 Qc6 17. Bd3 a6 18. Rb6 Qd7 19. Qb4 Rfc8 20. Kb1 a5 21. Qb5 Qc7 22.
Rb7 Qd6 23. Qb6 Qe5 24. Bc1 Rcb8 25. f4 Qd5 26. Rxb8+ Rxb8 27. Qxb8+ Bf8 28. b3 a4
29. f5 axb3 30. axb3 Bxf5 31. Bh6  1-0

[Event "1. OEsterreichische Internet Schach Meisterschaft - Vorrunde 2"]
[Site "Online - Playchess.com"]
[Date ""]
[Round "3"]
[Board "15"]
[White "Perhinig, Robert"]
[Black "Brehovsky, Paul"]
[Result "1-0"]
[WhiteElo "2252"]
[BlackElo "2149"]
[PlyCount "117"]
[EventDate "2020.04.13"]
[EventRounds "9"]
[EventCountry "AUT"]

1. d4 e6 2. Nf3 Nf6 3. Bf4 b6 4. e3 Bb7 5. Bd3 c5 6. c3 Be7 7. O-O O-O 8. h3 d6 9.
Nbd2 Nbd7 10. Qe2 Qc7 11. e4 e5 12. dxe5 Nxe5 13. Nxe5 dxe5 14. Bg3 Nd7 15. Nc4 b5
16. Ne3 c4 17. Bc2 g6 18. Rfd1 Nf6 19. Rd2 Nxe4 20. Bxe4 Bxe4 21. Nd5 Bxd5 22. Rxd5
Qc6 23. Qxe5 Bf6 24. Qd6 Qxd6 25. Rxd6 Kg7 26. a3 a5 27. Rb6 b4 28. axb4 axb4 29.
Rxa8 Rxa8 30. Rxb4 Ra2 31. Kh2 h5 32. Bd6 h4 33. Rb7 Ra6 34. Bf4 Rc6 35. g4 g5 36.
Be3 Kg6 37. Kg2 Be5 38. Rb6 Rxb6 39. Bxb6 f5 40. Kf3 Kf6 41. Bd4 fxg4+ 42. Kxg4 Bxd4
43. cxd4 Ke6 44. Kxg5 Kd5 45. f4 Kxd4 46. f5 Kd3 47. f6 Kc2 48. f7 Kxb2 49. f8=Q
c3 50. Qb4+ Kc2 51. Kxh4 Kd3 52. Kg4 c2 53. Qb3+ Kd2 54. Qxc2+ Kxc2 55. h4 Kc3 56.
h5 Kd4 57. h6 Ke5 58. h7 Kf6 59. h8=Q+  1-0

[Event "1. OEsterreichische Internet Schach Meisterschaft - Vorrunde 2"]
[Site "Online - Playchess.com"]
[Date ""]
[Round "3"]
[Board "16"]
[White "Bauer, Sebastian"]
[Black "Teuschler, Hugo"]
[Result "1-0"]
[WhiteElo "2237"]
[BlackElo "2055"]
[PlyCount "43"]
[EventDate "2020.04.13"]
[EventRounds "9"]
[EventCountry "AUT"]

1. e4 c5 2. Nf3 d6 3. d4 cxd4 4. Nxd4 Nf6 5. Nc3 a6 6. h3 e5 7. Nb3 Be6 8. g4 h6
9. Bg2 Be7 10. O-O Nc6 11. Nd5 O-O 12. Be3 b5 13. a4 Rb8 14. axb5 axb5 15. Ra6 Bxd5
16. exd5 Nb4 17. Ra7 e4 18. g5 Nfxd5 19. gxh6 Nxe3 20. fxe3 g6 21. Qd4 Bf6 22. Rxf6
 1-0

[Event "1. OEsterreichische Internet Schach Meisterschaft - Vorrunde 2"]
[Site "Online - Playchess.com"]
[Date ""]
[Round "3"]
[Board "17"]
[White "Frank, Paul"]
[Black "Friedl, Markus"]
[Result "1/2-1/2"]
[WhiteElo "2210"]
[BlackElo "1857"]
[PlyCount "121"]
[EventDate "2020.04.13"]
[EventRounds "9"]
[EventCountry "AUT"]

1. Nf3 d5 2. g3 Nc6 3. d4 e6 4. Bg2 Nf6 5. O-O Be7 6. c4 O-O 7. Ne5 Nxe5 8. dxe5
Nd7 9. cxd5 Nxe5 10. Nc3 exd5 11. Nxd5 c6 12. Nxe7+ Qxe7 13. Qc2 Be6 14. b3 Rfd8
15. Bf4 Ng6 16. Be3 Rd7 17. Rfd1 Rad8 18. Bxa7 h6 19. Bb6 Rxd1+ 20. Rxd1 Rxd1+ 21.
Qxd1 Ne5 22. Qd8+ Qxd8 23. Bxd8 f6 24. f4 Ng4 25. Bb6 h5 26. h3 Nh6 27. e4 Nf7 28.
Bc7 g6 29. Kf2 Kf8 30. Ke3 Ke7 31. Kd4 Kd7 32. Ba5 Nd6 33. Bd2 Nb5+ 34. Kc5 Kc7 35.
Ba5+ Kd7 36. a4 Nd6 37. b4 Nc4 38. f5 gxf5 39. exf5 Bf7 40. Bf1 Ne3 41. Bd3 Bb3 42.
Be2 Nxf5 43. Bxh5 Nxg3 44. Bf3 Bxa4 45. Kb6 Bc2 46. Kxb7 Be4 47. Bxe4 Nxe4 48. Bb6
f5 49. Be3 Nd6+ 50. Ka6 Nc4 51. Bf4 Nb2 52. h4 Nd3 53. Bg5 Nxb4+ 54. Kb6 Nd5+ 55.
Kc5 Ne7 56. h5 Ng8 57. h6 Nxh6 58. Bxh6 Ke6 59. Kxc6 Ke5 60. Kc5 f4 61. Bxf4+  1/2-1/2

[Event "1. OEsterreichische Internet Schach Meisterschaft - Vorrunde 2"]
[Site "Online - Playchess.com"]
[Date ""]
[Round "3"]
[Board "18"]
[White "Mittelberger, Peter"]
[Black "Kienboeck, Benjamin"]
[Result "1-0"]
[WhiteElo "2176"]
[BlackElo "1922"]
[PlyCount "129"]
[EventDate "2020.04.13"]
[EventRounds "9"]
[EventCountry "AUT"]

1. c4 Nf6 2. Nc3 e6 3. d4 Bb4 4. Bd2 O-O 5. Nf3 b6 6. e3 Bb7 7. Be2 d5 8. cxd5 exd5
9. O-O Nbd7 10. Ne5 Nxe5 11. dxe5 Nd7 12. Nxd5 Bxd2 13. Qxd2 Nxe5 14. Rfd1 Qd6 15.
Nf4 Qxd2 16. Rxd2 Rad8 17. Rad1 Rxd2 18. Rxd2 Re8 19. h3 Kf8 20. f3 Ke7 21. Kf2 Rd8
22. Rxd8 Kxd8 23. e4 Ke7 24. Ke3 Ng6 25. Nxg6+ hxg6 26. f4 c5 27. g3 a6 28. h4 b5
29. Bd3 Ke6 30. e5 Bd5 31. a3 Bb7 32. Bf1 c4 33. Kd4 f6 34. Bh3+ Ke7 35. exf6+ gxf6
36. Kc5 f5 37. Kb6 Bc8 38. Bg2 Kd6 39. Bf3 Ke7 40. Bd5 Kf6 41. Kc7 Be6 42. Bxe6 Kxe6
43. Kb6 Kd5 44. Kxa6 Kc5 45. Ka5 Kc6 46. Kb4 Kb6 47. a4 bxa4 48. Kxc4 Ka5 49. Kc5
a3 50. bxa3 Ka4 51. Kd5 Kxa3 52. Ke6 Kb3 53. Kf6 Kc3 54. Kxg6 Kd3 55. Kxf5 Ke3 56.
h5 Kf3 57. h6 Kxg3 58. h7 Kf3 59. h8=Q Kf2 60. Qc3 Ke2 61. Ke4 Kd1 62. f5 Ke2 63.
Qb2+ Kf1 64. Kf3 Kg1 65. Qg2#  1-0

[Event "1. OEsterreichische Internet Schach Meisterschaft - Vorrunde 2"]
[Site "Online - Playchess.com"]
[Date ""]
[Round "3"]
[Board "19"]
[White "Heinrici, Simon"]
[Black "Tauber, Andreas"]
[Result "0-1"]
[WhiteElo "2151"]
[BlackElo "1972"]
[PlyCount "86"]
[EventDate "2020.04.13"]
[EventRounds "9"]
[EventCountry "AUT"]

1. e4 d6 2. d4 g6 3. Nc3 Bg7 4. f4 Nf6 5. Nf3 O-O 6. Bd3 c5 7. e5 dxe5 8. dxe5 Ng4
9. h3 Nh6 10. O-O Nf5 11. Ne4 b6 12. c3 Qc7 13. Bc2 Rd8 14. Qe1 Bb7 15. Neg5 e6 16.
Bxf5 gxf5 17. Nd2 h6 18. Ngf3 Kh7 19. b3 Nd7 20. Bb2 Rg8 21. Qf2 Bf8 22. Rfd1 b5
23. a4 c4 24. axb5 Bc5 25. Nd4 Rxg2+ 26. Qxg2 Bxg2 27. Kxg2 Bxd4 28. cxd4 c3 29.
Rac1 Qb7+ 30. Nf3 cxb2 31. Rb1 Rg8+ 32. Kf2 Qe4 33. Rxb2 Qxf4 34. Re2 Nb6 35. Rd3
Nd5 36. Ke1 Qc1+ 37. Kf2 Nf4 38. Re1 Nxh3+ 39. Kf1 Qf4 40. Ke2 Rg2+ 41. Kd1 Nf2+
42. Kc2 Nxd3+ 43. Kxd3 Qxf3+  0-1

[Event "1. OEsterreichische Internet Schach Meisterschaft - Vorrunde 2"]
[Site "Online - Playchess.com"]
[Date ""]
[Round "3"]
[Board "20"]
[White "Breneis, Gerhard"]
[Black "Nisavic, Uros"]
[Result "1-0"]
[WhiteElo "1990"]
[BlackElo "2073"]
[PlyCount "137"]
[EventDate "2020.04.13"]
[EventRounds "9"]
[EventCountry "AUT"]

1. e4 e5 2. Nc3 Nf6 3. f4 d5 4. fxe5 Nxe4 5. d3 Qh4+ 6. g3 Nxg3 7. Nf3 Qh5 8. Nxd5
Nxh1 9. Nxc7+ Kd8 10. Nxa8 Bg4 11. Bg2 Bxf3 12. Qxf3 Qxf3 13. Bxf3 Nc6 14. Be3 Bb4+
15. c3 Nxe5 16. Bxh1 Bd6 17. O-O-O Kc8 18. Bxa7 Nc6 19. Bxc6 bxc6 20. Bf2 Kb7 21.
Nb6 Re8 22. Nc4 Bf4+ 23. Kb1 Re2 24. Bg3 Bg5 25. Nd6+ Kb6 26. Nxf7 Bf6 27. Nd6 h5
28. Ne4 Be7 29. Bf2+ Kb7 30. Rd2 Rxd2 31. Nxd2 g5 32. Ne4 g4 33. Kc2 h4 34. d4 g3
35. hxg3 h3 36. Bg1 Bd8 37. Nf2 Bc7 38. Nxh3 Bxg3 39. Bf2 Bd6 40. Ng1 Be7 41. Ne2
Bg5 42. Nc1 Bf6 43. b3 Be7 44. Be1 Bf6 45. Bd2 Be7 46. Nd3 Bf6 47. Nb2 Be7 48. a4
Bf6 49. b4 Be7 50. Kb3 Bf6 51. Nc4 Be7 52. Bf4 Bh4 53. Bd6 Be1 54. Na5+ Kb6 55. c4
Bf2 56. Bc5+ Kc7 57. b5 Be1 58. Nxc6 Bf2 59. a5 Be1 60. a6 Bf2 61. Nb4 Kb8 62. Nd5
Bg3 63. b6 Ka8 64. Ka4 Bh2 65. Kb5 Bg3 66. Nf6 Bh2 67. Kc6 Bc7 68. b7+ Kb8 69. Nd7#
 1-0

[Event "1. OEsterreichische Internet Schach Meisterschaft - Vorrunde 2"]
[Site "Online - Playchess.com"]
[Date ""]
[Round "3"]
[Board "21"]
[White "Holzleithner, Johannes"]
[Black "Juenger, Heinz"]
[Result "0-1"]
[WhiteElo "1979"]
[BlackElo "2165"]
[PlyCount "108"]
[EventDate "2020.04.13"]
[EventRounds "9"]
[EventCountry "AUT"]

1. e4 e5 2. d4 exd4 3. Qxd4 Nc6 4. Qe3 Nf6 5. Nc3 Bb4 6. Bd2 O-O 7. O-O-O Re8 8.
Bc4 d6 9. f3 Ne5 10. Bb3 a5 11. a3 Bc5 12. Qg5 b5 13. f4 Nc4 14. Bxc4 bxc4 15. Na4
Bf2 16. Bc3 Rxe4 17. Nh3 Be3+ 18. Kb1 Bd7 19. Bxf6 Qxf6 20. Qxf6 gxf6 21. Nc3 Rd4
22. Nd5 Rxd5 23. Rxd5 Bc6 24. Rdd1 Kg7 25. Rhe1 Bc5 26. f5 Kf8 27. Nf4 Rb8 28. Kc1
c3 29. b3 Bxa3+ 30. Kb1 a4 31. Ka2 Bc5 32. Rb1 axb3+ 33. Rxb3 Ra8+ 34. Kb1 Bf2 35.
Re2 Bg1 36. Rxc3 Rb8+ 37. Kc1 Rb6 38. h3 Bh2 39. Nh5 Be5 40. Ra3 Bb2+ 41. Kd2 Bxa3
42. Nxf6 Bb4+ 43. Kd1 Ra6 44. Re3 Ra1+ 45. Ke2 Re1+ 46. Kd3 Bb5+ 47. Ke4 Rxe3+ 48.
Kxe3 Bc6 49. g4 Kg7 50. Nh5+ Kh6 51. Nf6 Bc5+ 52. Kf4 Bd4 53. Nh5 Be5+ 54. Ke3 f6
 0-1

[Event "1. OEsterreichische Internet Schach Meisterschaft - Vorrunde 2"]
[Site "Online - Playchess.com"]
[Date ""]
[Round "3"]
[Board "22"]
[White "Freitag, Manfred"]
[Black "Baumegger, Siegfried"]
[Result "1-0"]
[WhiteElo "2356"]
[BlackElo "2441"]
[PlyCount "65"]
[EventDate "2020.04.13"]
[EventRounds "9"]
[EventCountry "AUT"]

1. e4 c5 2. Nf3 g6 3. c3 d5 4. exd5 Qxd5 5. d4 Bg7 6. Be3 cxd4 7. Bxd4 Nf6 8. Nbd2
O-O 9. Bc4 Qd8 10. h3 Nc6 11. Be3 b6 12. O-O Bb7 13. Qe2 Qc7 14. Rfe1 Rad8 15. Rad1
Nd5 16. Bg5 h6 17. Bh4 Nf4 18. Qe3 g5 19. Bg3 Na5 20. Bxf4 gxf4 21. Qxe7 Rd7 22.
Qb4 Rfd8 23. Be2 Bf8 24. Qa4 Rd6 25. Qxf4 Qc6 26. Nf1 Rf6 27. Qg4+ Rg6 28. Rxd8 Rxg4
29. hxg4 Kg7 30. Red1 Be7 31. R8d7 Bg5 32. Ng3 Qf6 33. Nh5+  1-0

[Event "1. OEsterreichische Internet Schach Meisterschaft - Vorrunde 2"]
[Site "Online - Playchess.com"]
[Date ""]
[Round "3"]
[Board "23"]
[White "Keim, Philipp"]
[Black "Neubauer, Martin"]
[Result "0-1"]
[WhiteElo "1919"]
[BlackElo "2421"]
[PlyCount "68"]
[EventDate "2020.04.13"]
[EventRounds "9"]
[EventCountry "AUT"]

1. Nf3 d5 2. c4 e6 3. g3 Nf6 4. Nc3 Be7 5. Bg2 d4 6. Nb1 c5 7. d3 Nc6 8. O-O O-O
9. e3 e5 10. Na3 h6 11. Rb1 Re8 12. Nc2 a5 13. b3 Bf8 14. e4 Nb4 15. a3 Na2 16. Bd2
Bd7 17. Qe1 b5 18. Rb2 Nc3 19. Bxc3 dxc3 20. Qxc3 b4 21. axb4 cxb4 22. Qd2 Bc5 23.
Ne3 Qb6 24. Nd5 Nxd5 25. exd5 f5 26. Nh4 e4 27. dxe4 fxe4 28. Bh1 e3 29. Qd3 exf2+
30. Kg2 a4 31. Qg6 Qxg6 32. Nxg6 a3 33. Rd2 Re1 34. Rd1 a2  0-1